<?xml version="1.0" encoding="UTF-8"?><?xml-stylesheet type="text/xsl" href="static/style.xsl"?><OAI-PMH xmlns="http://www.openarchives.org/OAI/2.0/" xmlns:xsi="http://www.w3.org/2001/XMLSchema-instance" xsi:schemaLocation="http://www.openarchives.org/OAI/2.0/ http://www.openarchives.org/OAI/2.0/OAI-PMH.xsd"><responseDate>2026-06-29T02:47:51Z</responseDate><request verb="GetRecord" identifier="oai:docta.ucm.es:20.500.14352/91574" metadataPrefix="marc">https://docta.ucm.es/rest/oai/request</request><GetRecord><record><header><identifier>oai:docta.ucm.es:20.500.14352/91574</identifier><datestamp>2025-07-16T14:31:23Z</datestamp><setSpec>com_20.500.14352_14</setSpec><setSpec>col_20.500.14352_15</setSpec></header><metadata><record xmlns="http://www.loc.gov/MARC21/slim" xmlns:dcterms="http://purl.org/dc/terms/" xmlns:xsi="http://www.w3.org/2001/XMLSchema-instance" xmlns:doc="http://www.lyncode.com/xoai" xsi:schemaLocation="http://www.loc.gov/MARC21/slim http://www.loc.gov/standards/marcxml/schema/MARC21slim.xsd">
   <leader>00925njm 22002777a 4500</leader>
   <datafield ind2=" " ind1=" " tag="042">
      <subfield code="a">dc</subfield>
   </datafield>
   <datafield ind2=" " ind1=" " tag="720">
      <subfield code="a">Sánchez Rojo, Alberto</subfield>
      <subfield code="e">author</subfield>
   </datafield>
   <datafield ind2=" " ind1=" " tag="260">
      <subfield code="c">2014</subfield>
   </datafield>
   <datafield ind2=" " ind1=" " tag="520">
      <subfield code="a">Hoy en día, con el desarrollo de las nuevas tecnologías e internet, tiempos y espacios están cambiando y, como consecuencia de esto, también lo están haciendo las formas de habitarlos humanamente. Si bien es importante la reflexión filosófica y educativa en torno a los derechos humanos en general, más lo es aún en periodo de cambio e innovación. Este trabajo pretende mostrar dicha importancia centrándose en uno de los derechos humanos que más se ha visto alterado en la era digital, el derecho a la privacidad, el cual garantiza la protección de un espacio sin cuya posesión resulta imposible vivir una vida humanamente digna.</subfield>
   </datafield>
   <datafield ind2=" " ind1=" " tag="520">
      <subfield code="a">Today, with the advancement of new technologies and the internet, times and spaces are changing. The ways of inhabiting them humanely change as a consequence. Philosophical and educational thought about human rights is always important, but is even more so in periods of change and innovation. This paper intends to show the importance of a human right significantly altered by the digital era, the right to privacy. The right to privacy guarantees the protection of a space without which a life of human dignity would be impossible.</subfield>
   </datafield>
   <datafield ind1="8" ind2=" " tag="024">
      <subfield code="a">Sánchez Rojo A. Educación y derechos humanos: una reflexión en torno al derecho a la privacidad. Bajo palabra. Revista de filosofía. 2014;2(9):143-53.</subfield>
   </datafield>
   <datafield ind1="8" ind2=" " tag="024">
      <subfield code="a">1576-3935</subfield>
   </datafield>
   <datafield ind1="8" ind2=" " tag="024">
      <subfield code="a">https://hdl.handle.net/20.500.14352/91574</subfield>
   </datafield>
   <datafield ind1="8" ind2=" " tag="024">
      <subfield code="a">1887-505X</subfield>
   </datafield>
   <datafield ind1="8" ind2=" " tag="024">
      <subfield code="a">https://www.bajopalabra.es/numeros-anteriores/epoca-n-ii-n-9-ano-2014/item/467-educacion-y-derechos-humanos-una-reflexion-en-torno-al-derecho-a-la-privacidad&amp;Itemid=23</subfield>
   </datafield>
   <datafield ind1="8" ind2=" " tag="024">
      <subfield code="a">https://produccioncientifica.ucm.es/documentos/5d399a262999520684460370</subfield>
   </datafield>
   <datafield ind1="8" ind2=" " tag="024">
      <subfield code="a">https://dialnet.unirioja.es/servlet/articulo?codigo=4894731</subfield>
   </datafield>
   <datafield ind2="0" ind1="0" tag="245">
      <subfield code="a">Educación y derechos humanos: una reflexión en torno al derecho a la privacidad</subfield>
   </datafield>
</record></metadata></record></GetRecord></OAI-PMH>